| 000 | 01091nam a22002177a 4500 | ||
|---|---|---|---|
| 003 | OSt | ||
| 005 | 20260311053158.0 | ||
| 008 | 260311b |||||||| |||| 00| 0 eng d | ||
| 020 | _a0448089114 | ||
| 040 |
_aDWCL GS lib _cOC |
||
| 082 | _aFic. D621w 2008 | ||
| 100 | _aDixon Franklin W. | ||
| 245 |
_aWhile The Clock Ticked _cFranklin W. Dixon |
||
| 260 |
_aCanada _bFranklin W. Dixon _c1932 |
||
| 300 |
_aExtent- vii, 174 pages: _billustrations ; _c20cm |
||
| 520 | _aFrank and Joe Hardy investigating mysterious death threats received by banker Raymond Dalrymple inside a locked "sunset room" in his new home. | ||
| 650 | _aThe plot centers on Frank and Joe Hardy investigating threats against banker Raymond Dalrymple, whose newly purchased, historic home (the old Purdy estate) contains a secure, time-locked room where he has been receiving mysterious, threatening notes. | ||
| 650 | _a revolves around the investigation of a mysterious, ticking mansion and a hidden, invaluable item. The primary moral lessons from the story | ||
| 700 | _aFranklin W. Dixon | ||
| 942 |
_2ddc _cFIC. _n0 |
||
| 999 |
_c8931 _d8931 |
||